| 000 | 00521cam a22001577a 4500 | ||
|---|---|---|---|
| 008 | 180718b1954 xxu||||| |||| 00| 0 eng d | ||
| 082 | _aD225 C717 | ||
| 100 | _aColombos, C. John | ||
| 245 |
_aInternational law of the sea _cby C. John Colombos |
||
| 250 | _a3rd rev. ed. | ||
| 260 |
_aLondon _bLongmans, Green _c1954 |
||
| 300 | _a719p | ||
| 500 | _aA new edition, brouhgt up-to-date, of Higgins and Colombos on the international law of the sea | ||
| 650 | _aWar, Maritime (International law) | ||
| 650 | _aMaritime law | ||
| 999 |
_c425095 _d425095 |
||